¿Buenas prácticas de gobierno corporativo? (Registro nro. 17852)

Detalles MARC
000 -LEADER
fixed length control field 00425 a2200133 4500
001 - CONTROL NUMBER
control field ART_46069
005 - DATE AND TIME OF LATEST TRANSACTION
control field 20260410161731.0
008 - FIXED-LENGTH DATA ELEMENTS--GENERAL INFORMATION
fixed length control field 260409a
100 1# - MAIN ENTRY--PERSONAL NAME
Personal name Arias, María Isabel
245 10 - TITLE STATEMENT
Title ¿Buenas prácticas de gobierno corporativo?
700 1# - ADDED ENTRY--PERSONAL NAME
Personal name Sarro, Lucía Andrea
700 1# - ADDED ENTRY--PERSONAL NAME
Personal name Perata, Antonela
773 0# - HOST ITEM ENTRY
Title Escritos contables y de administración
Related parts - Vol. 5, Nº1 (ene./jun. 2014)
Record control number REV2758

No hay ítems disponibles.